Pridaná hodnota, produktivita práce a ich vplyv na ekonomiky krajín EÚ a SR

Saved in:
Bibliographic Details
Main Author: Havettová, Miroslava
Format: Book Chapter
Language:Slovak
Subjects:
Tags: Add Tag
No Tags, Be the first to tag this record!

MARC

LEADER 00000naa$a2200000$$$4500
001 0050707
005 20240502071602.1
041 0 |a slo 
044 |a SK 
245 1 0 |a Pridaná hodnota, produktivita práce a ich vplyv na ekonomiky krajín EÚ a SR  |c Miroslava Havettová 
610 2 0 |a medzispotreba 
610 2 0 |a hodnota pridaná 
610 2 0 |a ponuka agregátna 
610 2 0 |a ukazovatele ekonomické 
610 2 0 |a proces výrobný 
610 2 0 |a produktivita 
100 1 |a Havettová, Miroslava